000 00503nam a22001697a 4500
999 _c11373
_d11373
003 AR-CdUCM
008 190403b ||||| |||| 00| 0 spa d
040 _aMUNICIPALIDAD PROVINCIAL DEL CUSCO
_cBIBLIOTECA MUNICIPAL DEL CUSCO
082 _a869.33 /
_bG453 / 1943
100 _aGide, Andre
_923876
245 _aPáginas de diario /
260 _aBuenos Aires :
_bSiglo Veinte,
_c1943.
300 _a158 páginas ;
_c20 cm.
650 _aPoesía Argentina.
_91657
942 _2ddc
_cLIBROS
945 _awfj